| 000 | 00562nam a2200217Ia 4500 | ||
|---|---|---|---|
| 003 | IIN | ||
| 005 | 20240105133428.0 | ||
| 008 | 231217s9999 xx 000 0 und d | ||
| 020 |
_cRs.550.00 _a9789352705436 |
||
| 040 |
_aIIN _bEnglish |
||
| 082 |
_a613.2 _bSIN |
||
| 100 | 1 | _aSingh, Ruma | |
| 245 | 1 |
_aFood and Nutrition for Nurses _cRuma Singh |
|
| 250 | _a2nd ed | ||
| 260 |
_bJaypee _aNew Delhi _c2020 |
||
| 300 | _axxii, 349p. | ||
| 500 | _aBSC Nursing | ||
| 650 | 1 |
_aNutrition _vNurses |
|
| 650 | 1 |
_aFood _vNutrition for Nurses |
|
| 942 | _cBOOK | ||
| 999 |
_c381 _d381 |
||